Alliterative Top 200 Harry Potter per Letter Quiz Stats

 Plays Quiz not verified by Sporcle

Challenge
Share
Tweet
Embed
Score 0/14 Timer 04:00
1 Play Today
Alliterative Person(s) % Correct
SSeverus Snape, Stan Shunpike, Salazar Slytherin
95%
PPeter Pettigrew, Poppy Pomfrey, Piers Polkiss, Pansy Parkinson, Padma Patil, Parvati Patil
94.2%
LLuna Lovegood
91.8%
GGregory Goyle, Gellert Grindelwald, Godric Gryffindor
91.5%
DDudley Dursley, Dedalus Diggle
89.1%
HHelga Hufflepuff
88.1%
CCho Chang, Colin Creevey
85.1%
Alliterative Person(s) % Correct
RRowena Ravenclaw
85.1%
BBathilda Bagshot, Broderick Bode
82.7%
MMinerva McGonagall
81.3%
QQuirinus Quirrell
80.7%
FFilius Flitwick
75.7%
WWilliam 'Bill' Weasley
55.9%
TTed Tonks
55.7%

You're not logged in!

Compare scores with friends on all Sporcle quizzes.
Join for Free
OR
Log In

You Might Also Like...

Show Comments

Extras

Top Quizzes Today


Score Distribution

Your Account Isn't Verified!

In order to create a playlist on Sporcle, you need to verify the email address you used during registration. Go to your Sporcle Settings to finish the process.

Report this User

Report this user for behavior that violates our Community Guidelines.

Details: